[Event "DSOL 01 Liga Gr-A 1st"]
[Site "Playchess.com INT"]
[Date "2020.06.26"]
[Round "1.4"]
[White "Doenges, Dirk"]
[Black "Steinmueller, Alexander"]
[Result "0-1"]
[WhiteElo "1820"]
[BlackElo "1969"]
[PlyCount "108"]
[EventDate "2020.06.22"]
[EventType "team-tourn (rapid)"]
[EventCountry "GER"]
[SourceTitle "EXT 2021"]
[Source "ChessBase"]
[SourceDate "2020.10.23"]
[SourceVersion "1"]
[SourceVersionDate "2020.10.23"]
[SourceQuality "1"]
[WhiteTeam "Horst Emscher"]
[BlackTeam "Herzogenaurach"]
[WhiteTeamCountry "GER"]
[BlackTeamCountry "GER"]

1. e4 e6 2. d4 d5 3. exd5 exd5 4. Nf3 Bd6 5. h3 Ne7 6. Bd3 0-0 7. 0-0 Bf5 8. Re1 c6 9. Nc3 Qd7 10. Ne5 Qc8 11. Qf3 f6 12. Ng4 Bxd3 13. Qxd3 Na6 14. a3 Nc7 15. Bf4 Bxf4 16. Rxe7 Bd6 17. Re2 Qd7 18. Rae1 Rae8 19. Qf3 Ne6 20. Qf5 h5 21. Nh2 Bxh2+ 22. Kh1 Bc7 23. Rxe6 Be5 24. dxe5 Qxe6 25. Qxh5 fxe5 26. f3 Qf5 27. Qh4 Qxc2 28. Qb4 b5 29. Re2 Qc1+ 30. Kh2 Qf4+ 31. Qxf4 exf4 32. Rd2 Re5 33. Ne2 c5 34. Nc3 Rfe8 35. Nxd5 Re2 36. Rd3 c4 37. Rd4 Rxb2 38. Nxf4 Rc8 39. Rd1 Ra2 40. Nd5 Rc5 41. Nb4 Rxa3 42. f4 Rb3 43. Na6 Rf5 44. g3 c3 45. Rc1 Rb2+ 46. Kg1 c2 47. Kf2 Rf6 48. Nc5 Rc6 49. Nd3 Rb1 50. Ke3 Rxc1 51. Nxc1 a5 52. Kd2 b4 53. g4 Kf7 54. g5 Ke6 0-1

[Event "Ruhrgebiet Regionalliga 1819"]
[Site "Nordrheinwestfalen"]
[Date "2018.12.16"]
[Round "5.7"]
[White "Doenges, Dirk"]
[Black "Dekhtyaryuk, Dimitri"]
[Result "1-0"]
[WhiteElo "1767"]
[BlackElo "1849"]
[PlyCount "47"]
[EventDate "2018.09.02"]
[EventType "team-tourn"]
[EventRounds "11"]
[EventCountry "GER"]
[SourceTitle "EXT 2022"]
[Source "ChessBase"]
[SourceDate "2021.10.06"]
[SourceVersion "1"]
[SourceVersionDate "2021.10.06"]
[SourceQuality "1"]
[WhiteTeam "Horst Emscher"]
[BlackTeam "Eichlinghofen SV"]
[WhiteTeamCountry "GER"]
[BlackTeamCountry "GER"]

1. e4 d6 2. Nf3 Nf6 3. Nc3 g6 4. d4 Bg7 5. Bg5 0-0 6. Qd2 c5 7. 0-0-0 cxd4 8. Nxd4 Nbd7 9. h4 h5 10. f3 Ne5 11. Be2 a6 12. Rdf1 b5 13. Kb1 b4 14. Nd1 a5 15. g4 hxg4 16. Bxf6 Bxf6 17. f4 Nf3 18. Nxf3 gxf3 19. Bxf3 e5 20. h5 exf4 21. hxg6 Kg7 22. gxf7 Bg5 23. Qd5 Ba6 24. Rfg1 1-0

[Event "Ruhrgebiet Verbandsliga Gruppe 1 1415"]
[Site "Germany"]
[Date "2015.02.08"]
[Round "6"]
[White "Thormann, Olaf"]
[Black "Doenges, Dirk"]
[Result "1/2-1/2"]
[WhiteElo "1784"]
[BlackElo "1756"]
[PlyCount "47"]
[EventDate "2014.09.21"]
[EventType "team-tourn"]
[EventRounds "9"]
[EventCountry "GER"]
[SourceTitle "EXT 2022"]
[Source "ChessBase"]
[SourceDate "2021.10.06"]
[SourceVersion "1"]
[SourceVersionDate "2021.10.06"]
[SourceQuality "1"]
[WhiteTeam "Brambauer"]
[BlackTeam "Horst Emscher"]
[WhiteTeamCountry "GER"]
[BlackTeamCountry "GER"]

1. e4 c5 2. Nc3 Nc6 3. Bc4 e6 4. d3 Nf6 5. Bg5 Be7 6. Nge2 h6 7. Bxf6 Bxf6 8. 0-0 a6 9. a4 Nd4 10. Nxd4 Bxd4 11. Qe1 0-0 12. Nd1 d5 13. Bb3 Re8 14. c3 Be5 15. f4 Bb8 16. Bc2 d4 17. Qe2 Bd7 18. Qh5 b6 19. Nf2 Bxf4 20. Kh1 Qg5 21. Qf3 Be3 22. Ng4 f5 23. Ne5 Ra7 24. exf5 1/2-1/2

[Event "Ruhrgebiet Verbandsliga Gruppe 1 1415"]
[Site "Germany"]
[Date "2014.12.14"]
[Round "4"]
[White "Riesenbeck, Juergen"]
[Black "Doenges, Dirk"]
[Result "0-1"]
[WhiteElo "1922"]
[BlackElo "1732"]
[PlyCount "66"]
[EventDate "2014.09.21"]
[EventType "team-tourn"]
[EventRounds "9"]
[EventCountry "GER"]
[SourceTitle "EXT 2022"]
[Source "ChessBase"]
[SourceDate "2021.10.06"]
[SourceVersion "1"]
[SourceVersionDate "2021.10.06"]
[SourceQuality "1"]
[WhiteTeam "Katernberg SF III"]
[BlackTeam "Horst Emscher"]
[WhiteTeamCountry "GER"]
[BlackTeamCountry "GER"]

1. e4 c5 2. c3 e5 3. Nf3 Nc6 4. d4 cxd4 5. cxd4 Bb4+ 6. Nc3 Qa5 7. Bd2 Nxd4 8. Nxd4 exd4 9. Nb5 Nf6 10. Nd6+ Kf8 11. Rc1 Ke7 12. Nf5+ Kd8 13. Nd6 Rf8 14. Bd3 g6 15. a3 Bxd2+ 16. Qxd2 Qxd2+ 17. Kxd2 Ke7 18. Nb5 b6 19. Nxd4 Bb7 20. f3 Rac8 21. Nb5 a5 22. e5 Nd5 23. Be4 Rfd8 24. g3 Ba8 25. Nd6 Rb8 26. Kd3 f5 27. Bxd5 Bxd5 28. Ke3 Ke6 29. Kf4 g5+ 30. Kxg5 Kxe5 31. Nc4+ Bxc4 32. Rxc4 Rg8+ 33. Kh4 Rg6 0-1

[Event "NRW Verbandsliga Group2 1314"]
[Site "Nordrheinwestfalen"]
[Date "2014.02.16"]
[Round "7"]
[White "Doenges, Dirk"]
[Black "Strathoff, Dirk"]
[Result "1-0"]
[WhiteElo "1747"]
[BlackElo "1929"]
[PlyCount "88"]
[EventDate "2013.09.08"]
[EventType "team-tourn"]
[EventRounds "9"]
[EventCountry "GER"]
[SourceTitle "EXT 2020"]
[Source "ChessBase"]
[SourceDate "2019.10.17"]
[SourceVersion "1"]
[SourceVersionDate "2019.10.17"]
[SourceQuality "1"]
[WhiteTeam "Horst Emscher"]
[BlackTeam "Brackel SF II"]
[WhiteTeamCountry "GER"]
[BlackTeamCountry "GER"]

1. e4 c5 2. Nf3 Nc6 3. d4 cxd4 4. Nxd4 e5 5. Nxc6 bxc6 6. Bc4 Nf6 7. Nc3 Bb4 8. Qe2 0-0 9. 0-0 h6 10. Bd2 d6 11. a3 Ba5 12. Rad1 Bg4 13. f3 Bd7 14. b4 Bb6+ 15. Be3 Be6 16. Bxe6 fxe6 17. g3 Qc7 18. Kg2 d5 19. Bf2 Bxf2 20. Rxf2 a5 21. b5 cxb5 22. Nxb5 Qc5 23. exd5 Nxd5 24. Kh1 e4 25. a4 e3 26. Rff1 Rac8 27. c3 Rc6 28. Rd3 Qc4 29. Re1 Qxa4 30. Nd4 Rxc3 31. Rxc3 Nxc3 32. Qxe3 e5 33. Qxe5 Qc4 34. Ne6 Rf6 35. Qb8+ Kh7 36. Nf8+ Rxf8 37. Qxf8 Qd3 38. Qf4 a4 39. Qe3 Qxe3 40. Rxe3 Nb5 41. Re5 Nc3 42. Rc5 Nb1 43. Rc1 Nd2 44. Kg2 a3 1-0

[Event "Ruhrgebiet Verbandsliga1 1112"]
[Site "Nordrheinwestfalen"]
[Date "2012.02.12"]
[Round "6.5"]
[White "Doenges, Dirk"]
[Black "Kauder, Hartmut"]
[Result "1-0"]
[WhiteElo "1771"]
[BlackElo "2128"]
[PlyCount "113"]
[EventDate "2012.09.18"]
[EventType "team-tourn"]
[EventRounds "9"]
[EventCountry "GER"]
[SourceTitle "EXT 2020"]
[Source "ChessBase"]
[SourceDate "2019.10.17"]
[SourceVersion "1"]
[SourceVersionDate "2019.10.17"]
[SourceQuality "1"]
[WhiteTeam "Horst Emscher II"]
[BlackTeam "Koenigsspringer Hamm"]
[WhiteTeamCountry "GER"]
[BlackTeamCountry "GER"]

1. e4 c5 2. Nf3 g6 3. Nc3 Bg7 4. d4 cxd4 5. Nxd4 Nc6 6. Nxc6 bxc6 7. Bc4 d6 8. 0-0 Qc7 9. Nd5 Qb8 10. Ne3 Nf6 11. f3 0-0 12. Rb1 a5 13. Qe2 e6 14. Bd3 d5 15. c3 Nd7 16. Re1 Nc5 17. Ng4 Nxd3 18. Qxd3 Ba6 19. Qd2 h5 20. Nf2 Qb5 21. b3 Rfd8 22. exd5 cxd5 23. Bb2 Rdc8 24. Qg5 Qb6 25. Ba1 Bxc3 26. Bxc3 Rxc3 27. Rbc1 Rac8 28. Rxc3 Rxc3 29. Qd2 Qc5 30. Kh1 Rc2 31. Nd3 Bxd3 32. Qxd3 Qf2 33. Rg1 Rxa2 34. Qb5 Qb2 35. h3 a4 36. Qe8+ Kg7 37. bxa4 Qb4 38. Qd7 Qxa4 39. Qb7 Qc2 40. Qb8 Qb2 41. Qc7 Qd4 42. Re1 Qd2 43. Qe5+ f6 44. Qc7+ Kh6 45. Rg1 h4 46. Qd6 Qe3 47. f4 Kh5 48. Qb8 g5 49. Qe8+ Kh6 50. f5 Kg7 51. Qg6+ Kf8 52. Qxf6+ Ke8 53. fxe6 Qf4 54. Qg6+ Ke7 55. Rb1 Qe4 56. Qg7+ Kd6 57. Rb6+ 1-0

[Event "Ruhrgebiet Verbandsliga1 1112"]
[Site "Nordrheinwestfalen"]
[Date "2011.12.11"]
[Round "4.6"]
[White "Schriewer, Thomas"]
[Black "Doenges, Dirk"]
[Result "0-1"]
[WhiteElo "1948"]
[BlackElo "1771"]
[PlyCount "124"]
[EventDate "2012.09.18"]
[EventType "team-tourn"]
[EventRounds "9"]
[EventCountry "GER"]
[SourceTitle "EXT 2020"]
[Source "ChessBase"]
[SourceDate "2019.10.17"]
[SourceVersion "1"]
[SourceVersionDate "2019.10.17"]
[SourceQuality "1"]
[WhiteTeam "Herne Sodingen II"]
[BlackTeam "Horst Emscher II"]
[WhiteTeamCountry "GER"]
[BlackTeamCountry "GER"]

1. d4 d5 2. c4 c6 3. Nf3 Nf6 4. Nc3 g6 5. Bf4 Bg7 6. cxd5 Nxd5 7. Bg3 Qb6 8. Qd2 Bf5 9. Rc1 Nxc3 10. Rxc3 Qa5 11. e3 Qxa2 12. Bc4 Qa5 13. 0-0 0-0 14. Qe2 Bg4 15. Ra3 Qh5 16. Rfa1 a6 17. Ra5 b5 18. Bd3 Qd5 19. Bxb8 Rfxb8 20. Rxa6 Rxa6 21. Rxa6 c5 22. dxc5 Qxc5 23. Ra1 b4 24. Rd1 Rd8 25. h3 Bxf3 26. gxf3 Qg5+ 27. Kh1 Qh5 28. Kg2 Qg5+ 29. Kh1 e6 30. b3 Bc3 31. Bc4 Ra8 32. Kh2 Kg7 33. f4 Qf5 34. Qd3 Qh5 35. Qe2 Qxe2 36. Bxe2 Ra2 37. Bc4 Rxf2+ 38. Kg3 Ra2 39. Rd7 Kf6 40. Kf3 h6 41. Be2 Rb2 42. Bc4 Be1 43. e4 g5 44. fxg5+ hxg5 45. Rd1 Bc3 46. Rh1 Bd4 47. h4 gxh4 48. Rxh4 Rf2+ 49. Kg3 Ke5 50. Rh5+ f5 51. exf5 exf5 52. Rh8 f4+ 53. Kh3 Be3 54. Re8+ Kd4 55. Rd8+ Kc3 56. Rd3+ Kc2 57. Kg4 Kb2 58. Kf5 Rc2 59. Bd5 Rc3 60. Ke4 Kc2 61. Bc4 Rxd3 62. Bxd3+ Kxb3 0-1

[Event "Ruhrgebiet VL1 0708"]
[Site "Germany"]
[Date "2008.04.27"]
[Round "9.6"]
[White "Mazarov, Juergen"]
[Black "Doenges, Dirk"]
[Result "1-0"]
[WhiteElo "2090"]
[BlackElo "1862"]
[PlyCount "91"]
[EventDate "2007.09.02"]
[EventType "team"]
[EventRounds "9"]
[EventCountry "GER"]
[SourceTitle "EXT 2009"]
[Source "ChessBase"]
[SourceDate "2008.11.26"]
[SourceVersion "1"]
[SourceVersionDate "2008.11.26"]
[SourceQuality "1"]
[WhiteTeam "Bochum 31 III"]
[BlackTeam "Horst Emscher"]
[WhiteTeamCountry "GER"]
[BlackTeamCountry "GER"]

1. e4 c5 2. Nf3 Nc6 3. d4 cxd4 4. Nxd4 a6 5. c4 e6 6. Nc3 Bb4 7. Nxc6 bxc6 8. Qd4 Qf6 9. e5 Qe7 10. Be2 f5 11. Be3 Nh6 12. a3 Ba5 13. b4 Bc7 14. Bxh6 gxh6 15. Bh5+ Kf8 16. 0-0 Rg8 17. f4 a5 18. b5 Rb8 19. Kh1 Bb7 20. Bf3 cxb5 21. cxb5 Bxf3 22. Rxf3 Bb6 23. Qd2 Kf7 24. Rd3 Rgd8 25. a4 Rb7 26. Rd1 Ke8 27. Qe2 Qf7 28. Rh3 Rc7 29. Nb1 Rdc8 30. Rxh6 Rc1 31. Rh3 R8c2 32. Qf1 Rxd1 33. Qxd1 Rf2 34. Rf3 Qh5 35. Nc3 Rb2 36. Rd3 Qh4 37. Rd2 Rb3 38. Ne2 Ra3 39. Rxd7 Qf2 40. Rd6 Kf7 41. Nd4 Rd3 42. Qh5+ Kg8 43. Qe8+ Kg7 44. Nxe6+ Kh6 45. Nd4+ Kg7 46. Nxf5# 1-0

[Event "Ruhrgebiet VL1 0708"]
[Site "Germany"]
[Date "2008.04.06"]
[Round "8.7"]
[White "Mittelbachert, Ulrich"]
[Black "Doenges, Dirk"]
[Result "0-1"]
[WhiteElo "2028"]
[BlackElo "1862"]
[PlyCount "144"]
[EventDate "2007.09.02"]
[EventType "team"]
[EventRounds "9"]
[EventCountry "GER"]
[SourceTitle "EXT 2009"]
[Source "ChessBase"]
[SourceDate "2008.11.26"]
[SourceVersion "1"]
[SourceVersionDate "2008.11.26"]
[SourceQuality "1"]
[WhiteTeam "Castrop Rauxel II"]
[BlackTeam "Horst Emscher"]
[WhiteTeamCountry "GER"]
[BlackTeamCountry "GER"]

1. Nf3 d5 2. g3 Nf6 3. Bg2 g6 4. d3 Bg7 5. Nbd2 Nc6 6. c3 0-0 7. 0-0 e5 8. e4 dxe4 9. dxe4 Qe7 10. Qe2 b6 11. Rd1 Bb7 12. Nc4 Rad8 13. Bg5 h6 14. Bxf6 Bxf6 15. Ne3 Rxd1+ 16. Rxd1 Bg7 17. h4 Qe6 18. h5 Ne7 19. Nh4 Kh7 20. Kh2 Bc8 21. a3 Bf6 22. hxg6+ fxg6 23. Nf3 Bg7 24. Rd2 Ng8 25. Ng1 Nf6 26. Bh3 Qe8 27. Bxc8 Qxc8 28. f3 Rd8 29. Qd1 Rxd2+ 30. Qxd2 Qe6 31. Nd5 Qd6 32. Nxf6+ Qxf6 33. Qd7 Qg5 34. Kg2 Qc1 35. Qb5 a6 36. Qb4 Qd2+ 37. Kh1 h5 38. Qe7 Qxb2 39. Nh3 Qc1+ 40. Kg2 Qd2+ 41. Kh1 Kh6 42. f4 Qe1+ 43. Kh2 Qe2+ 44. Kg1 Qxe4 45. Ng5 Qe3+ 46. Kh1 exf4 47. Nf7+ Kh7 48. Ng5+ Kg8 49. Qf7+ Kh8 50. Qxg6 Qe1+ 51. Kg2 Qe2+ 52. Kg1 Kg8 53. Qf7+ Kh8 54. Qg6 Qd1+ 55. Kf2 fxg3+ 56. Ke3 Qe1+ 57. Kf4 Qf1+ 58. Nf3 Qc4+ 59. Kxg3 Qg4+ 60. Qxg4 hxg4 61. Kxg4 Bxc3 62. a4 Kg7 63. Ng5 Be5 64. Kf3 Bh2 65. Ne6+ Kf7 66. Nd4 Ke7 67. Nc6+ Kd6 68. Nb4 a5 69. Nd3 Kd5 70. Nb2 Kc5 71. Nd3+ Kd5 72. Nb2 Kd4 0-1

[Event "Ruhrgebiet VL2 0405"]
[Site "Ruhrgebiet"]
[Date "2005.03.13"]
[Round "8.4"]
[White "Doenges, Dirk"]
[Black "Mewes, Karsten"]
[Result "1/2-1/2"]
[WhiteElo "1734"]
[BlackElo "1970"]
[PlyCount "38"]
[EventDate "2004.09.12"]
[EventType "team"]
[EventRounds "9"]
[EventCountry "GER"]
[SourceTitle "EXT 2006"]
[Source "ChessBase"]
[SourceDate "2005.11.24"]
[SourceVersion "1"]
[SourceVersionDate "2005.11.24"]
[SourceQuality "1"]
[WhiteTeam "Horst"]
[BlackTeam "Castrop Rauxel II"]
[WhiteTeamCountry "GER"]
[BlackTeamCountry "GER"]

1. e4 e6 2. d4 d5 3. exd5 exd5 4. Nf3 Nc6 5. Bf4 Bg4 6. Be2 Bd6 7. Bxd6 Qxd6 8. c3 Nf6 9. Nbd2 0-0 10. 0-0 Rfe8 11. Re1 Re7 12. Bf1 Rxe1 13. Qxe1 Re8 14. Qb1 Nd8 15. Qd3 g6 16. Ne5 Bf5 17. Qf3 Ne4 18. Nxe4 Bxe4 19. Qg3 f6 1/2-1/2

[Event "Ruhrgebiet VL2 0405"]
[Site "Ruhrgebiet"]
[Date "2005.01.30"]
[Round "6.6"]
[White "Doenges, Dirk"]
[Black "Kuipers, Dustin"]
[Result "1/2-1/2"]
[WhiteElo "1734"]
[BlackElo "1913"]
[PlyCount "108"]
[EventDate "2004.09.12"]
[EventType "team"]
[EventRounds "9"]
[EventCountry "GER"]
[SourceTitle "EXT 2006"]
[Source "ChessBase"]
[SourceDate "2005.11.24"]
[SourceVersion "1"]
[SourceVersionDate "2005.11.24"]
[SourceQuality "1"]
[WhiteTeam "Horst"]
[BlackTeam "Muelheim Nord III"]
[WhiteTeamCountry "GER"]
[BlackTeamCountry "GER"]

1. e4 c5 2. Nf3 Nc6 3. d4 cxd4 4. Nxd4 Nf6 5. Nc3 e5 6. Ndb5 d6 7. a4 Bg4 8. f3 Be6 9. Be3 a6 10. Na3 d5 11. exd5 Nxd5 12. Nxd5 Qxd5 13. Qxd5 Bxd5 14. Nc4 Rd8 15. 0-0-0 Be7 16. Bb6 Rd7 17. Kb1 Be6 18. Be2 Bd8 19. Bc5 Be7 20. Rxd7 Bxd7 21. Nd6+ Bxd6 22. Bxd6 Be6 23. Rd1 f6 24. Bd3 Kf7 25. Bc7 Rc8 26. Bb6 f5 27. c3 Ne7 28. Bf2 Bb3 29. Bc2 Bxc2+ 30. Kxc2 Ke6 31. b3 g5 32. a5 Nc6 33. Bb6 Nb4+ 34. Kb2 Nd5 35. Bf2 Rc7 36. c4 Nf6 37. Kc3 g4 38. Re1 Rd7 39. Bg3 e4 40. Re3 Kf7 41. Be5 exf3 42. gxf3 gxf3 43. Rxf3 Ne4+ 44. Kb4 Ke6 45. Bf4 Kf6 46. Rh3 Nf2 47. Rh6+ Kg7 48. Rd6 Rxd6 49. Bxd6 Kf6 50. Bg3 Nd3+ 51. Kc3 Nc5 52. Bb8 Ke6 53. b4 Nd7 54. Bf4 Ne5 1/2-1/2

[Event "Ruhrgebiet-ch"]
[Site "Oberhausen"]
[Date "2004.06.19"]
[Round "6"]
[White "Solberg, Kirsten"]
[Black "Doenges, Dirk"]
[Result "1/2-1/2"]
[WhiteElo "1824"]
[BlackElo "1924"]
[PlyCount "115"]
[EventDate "2004.06.10"]
[EventType "swiss"]
[EventRounds "7"]
[EventCountry "GER"]
[SourceTitle "EXT 2006"]
[Source "ChessBase"]
[SourceDate "2005.11.24"]
[SourceVersion "1"]
[SourceVersionDate "2005.11.24"]
[SourceQuality "1"]

1. e4 c5 2. Nf3 Nc6 3. d4 cxd4 4. Nxd4 a6 5. a4 e6 6. Be3 Nf6 7. Nd2 d5 8. Nxc6 bxc6 9. e5 Nd7 10. f4 Be7 11. Nf3 0-0 12. c3 Rb8 13. Qc2 c5 14. Bd3 h6 15. b3 f6 16. Nh4 fxe5 17. Bh7+ Kh8 18. Ng6+ Kxh7 19. Nxf8+ Kg8 20. Nxe6 Qe8 21. 0-0 Qf7 22. f5 d4 23. Bd2 Nf6 24. cxd4 cxd4 25. Qc1 Nd7 26. Rf3 Bf6 27. Nd8 Qd5 28. Nc6 e4 29. Nxb8 exf3 30. Nxd7 Bxd7 31. Qc4 Qxc4 32. bxc4 fxg2 33. Kxg2 Bxf5 34. Rc1 Be4+ 35. Kf2 Bc6 36. a5 Kf7 37. Rb1 Bd8 38. Ke2 Be4 39. Rf1+ Ke6 40. Rf4 Ke5 41. Rf8 d3+ 42. Kd1 Be7 43. Bc3+ Ke6 44. Rf4 Bg6 45. h4 Bd6 46. Rf1 Bh5+ 47. Kd2 Be2 48. Rf2 g5 49. Rf6+ Ke7 50. Rxh6 Bf4+ 51. Ke1 gxh4 52. Rxa6 h3 53. Ra7+ Ke6 54. Rh7 h2 55. Kf2 Kf5 56. a6 Kg4 57. a7 Bf3 58. Rxh2 1/2-1/2

[Event "Ruhrgebiet-ch"]
[Site "Oberhausen"]
[Date "2004.06.12"]
[Round "3"]
[White "Berens, Thomas"]
[Black "Doenges, Dirk"]
[Result "1-0"]
[WhiteElo "1950"]
[BlackElo "1924"]
[PlyCount "47"]
[EventDate "2004.06.10"]
[EventType "swiss"]
[EventRounds "7"]
[EventCountry "GER"]
[SourceTitle "EXT 2006"]
[Source "ChessBase"]
[SourceDate "2005.11.24"]
[SourceVersion "1"]
[SourceVersionDate "2005.11.24"]
[SourceQuality "1"]

1. d4 Nf6 2. c4 g6 3. Nc3 Bg7 4. e4 d6 5. f3 0-0 6. Be3 Nbd7 7. Qd2 e5 8. Nge2 Nh5 9. g4 Nhf6 10. d5 Qe7 11. Ng3 Nb6 12. 0-0-0 a5 13. h4 Bd7 14. h5 Rfd8 15. Bd3 Na4 16. Nxa4 Bxa4 17. Rdg1 Rdb8 18. Bh6 Qf8 19. Bxg7 Qxg7 20. Nf5 Qf8 21. Qg5 Ne8 22. hxg6 fxg6 23. Ne7+ Kg7 24. Rxh7+ 1-0

[Event "Ruhrgebiet VK1 0304"]
[Site "Ruhrgebiet"]
[Date "2004.04.25"]
[Round "9.2"]
[White "Sohraby, Azizollah"]
[Black "Doenges, Dirk"]
[Result "0-1"]
[WhiteElo "2012"]
[BlackElo "1951"]
[PlyCount "114"]
[EventDate "2003.09.28"]
[EventType "team"]
[EventRounds "9"]
[EventCountry "GER"]
[SourceTitle "EXT 2007"]
[Source "ChessBase"]
[SourceDate "2006.11.23"]
[SourceVersion "1"]
[SourceVersionDate "2006.11.23"]
[SourceQuality "1"]
[WhiteTeam "Brackel III"]
[BlackTeam "Horst II"]
[WhiteTeamCountry "GER"]
[BlackTeamCountry "GER"]

1. e4 c5 2. c3 e5 3. Bc4 d6 4. d3 Nf6 5. Bg5 h6 6. Bh4 Be7 7. Nd2 Nc6 8. a3 a6 9. Bg3 Bd7 10. Ngf3 Qc8 11. Rc1 Be6 12. 0-0 0-0 13. Nh4 b5 14. Bxe6 fxe6 15. Ng6 Rf7 16. f4 exf4 17. Rxf4 Qd7 18. Qe2 Kh7 19. Nxe7 Nxe7 20. Rcf1 Raf8 21. d4 Ng6 22. R4f2 cxd4 23. cxd4 e5 24. dxe5 Nxe5 25. Bxe5 dxe5 26. h3 Qd4 27. Nb3 Qa7 28. Kh1 Kg8 29. Rf5 Qc7 30. Qe3 Qd6 31. Nc5 a5 32. b4 a4 33. Kh2 Nd5 34. Qd3 Rxf5 35. Rxf5 Rxf5 36. exf5 e4+ 37. Qg3 Qxg3+ 38. Kxg3 Nc3 39. Kf4 Nb1 40. Nxe4 Nxa3 41. Nc3 Nc2 42. Na2 Kf7 43. g4 Kf6 44. h4 g6 45. fxg6 Kxg6 46. g5 h5 47. Ke4 Ne1 48. Kf4 Ng2+ 49. Kg3 Ne3 50. Nc3 a3 51. Kh3 Nf5 52. Na2 Ng7 53. Nc3 Ne6 54. Kg3 Nxg5 55. hxg5 Kxg5 56. Kh3 Kf4 57. Kh4 Ke3 0-1

[Event "Ruhrgebiet VK1 0304"]
[Site "Ruhrgebiet"]
[Date "2003.12.07"]
[Round "4.2"]
[White "Uhlich, Wilfried"]
[Black "Doenges, Dirk"]
[Result "0-1"]
[WhiteElo "1928"]
[BlackElo "1951"]
[PlyCount "64"]
[EventDate "2003.09.28"]
[EventType "team"]
[EventRounds "9"]
[EventCountry "GER"]
[SourceTitle "EXT 2007"]
[Source "ChessBase"]
[SourceDate "2006.11.23"]
[SourceVersion "1"]
[SourceVersionDate "2006.11.23"]
[SourceQuality "1"]
[WhiteTeam "Drewer SG"]
[BlackTeam "Horst II"]
[WhiteTeamCountry "GER"]
[BlackTeamCountry "GER"]

1. d4 Nf6 2. Bg5 g6 3. Bxf6 exf6 4. e3 Bg7 5. Bd3 d6 6. Nd2 c6 7. c3 a5 8. Qc2 Nd7 9. Ne2 f5 10. Nf3 Nf6 11. h4 b5 12. Nf4 Qb6 13. Ng5 Ra7 14. Qb3 d5 15. a4 0-0 16. axb5 Ba6 17. 0-0 Bxb5 18. c4 dxc4 19. Bxc4 Qb8 20. Bxb5 cxb5 21. Nd3 Ng4 22. Nf3 Re8 23. Rfc1 Bf6 24. g3 Nxe3 25. Nde5 Bxe5 26. Nxe5 Ng4 27. Nc6 Qb6 28. Rc5 Rc7 29. Rac1 b4 30. Qc4 Ra8 31. d5 a4 32. d6 Rxc6 0-1

[Event "Ruhrgebiet VK2 0001"]
[Site "Ruhrgebiet"]
[Date "2001.03.18"]
[Round "7"]
[White "Doenges, Dirk"]
[Black "Happel, Juergen"]
[Result "1-0"]
[WhiteElo "1754"]
[BlackElo "1889"]
[PlyCount "53"]
[EventDate "2000.09.17"]
[EventType "team-tourn"]
[EventRounds "9"]
[EventCountry "GER"]
[SourceTitle "EXT 2023"]
[Source "ChessBase"]
[SourceDate "2022.10.05"]
[SourceVersion "1"]
[SourceVersionDate "2022.10.05"]
[SourceQuality "1"]
[WhiteTeam "Horst Emscher II"]
[BlackTeam "Hamm Koenigsspringer"]
[WhiteTeamCountry "GER"]
[BlackTeamCountry "GER"]

1. e4 c5 2. Nf3 e6 3. Nc3 Nc6 4. d4 cxd4 5. Nxd4 a6 6. Be3 Nf6 7. Be2 Bb4 8. 0-0 Bxc3 9. Nxc6 bxc6 10. bxc3 Nxe4 11. Qd3 d5 12. f3 Nd6 13. Bc5 0-0 14. Rab1 Re8 15. f4 Ne4 16. Bb6 Qe7 17. Bf3 f5 18. Rfe1 a5 19. Qe3 Bd7 20. g3 Qa3 21. Bxe4 fxe4 22. Bc5 Qa4 23. Rb7 Bc8 24. Rc7 Qc4 25. Bd4 e5 26. fxe5 Be6 27. Qg5 1-0

[Event "Ruhrgebiet VK2 0001"]
[Site "Ruhrgebiet"]
[Date "2001.02.18"]
[Round "6"]
[White "Buthmann, Ralf"]
[Black "Doenges, Dirk"]
[Result "0-1"]
[WhiteElo "1743"]
[BlackElo "1754"]
[PlyCount "80"]
[EventDate "2000.09.17"]
[EventType "team-tourn"]
[EventRounds "9"]
[EventCountry "GER"]
[SourceTitle "EXT 2023"]
[Source "ChessBase"]
[SourceDate "2022.10.05"]
[SourceVersion "1"]
[SourceVersionDate "2022.10.05"]
[SourceQuality "1"]
[WhiteTeam "Haltern"]
[BlackTeam "Horst Emscher II"]
[WhiteTeamCountry "GER"]
[BlackTeamCountry "GER"]

1. c4 e5 2. Nc3 Nf6 3. Nf3 Nc6 4. g3 Be7 5. Bg2 d6 6. 0-0 h6 7. d3 0-0 8. Rb1 Rb8 9. b4 Bf5 10. Be3 a6 11. b5 axb5 12. cxb5 Na5 13. Qa4 b6 14. Bd2 Qd7 15. Rfc1 Nb7 16. Qc2 Nc5 17. Na4 Nxa4 18. Qxa4 e4 19. Nd4 exd3 20. Nxf5 Qxf5 21. e4 Qe6 22. Qc4 Bd8 23. Qxd3 Qxa2 24. Rb3 Re8 25. Rcb1 Nd7 26. R1b2 Qa1+ 27. Rb1 Qf6 28. Bc3 Qe6 29. Rb4 Nc5 30. Qf3 Be7 31. Re1 Rbd8 32. e5 d5 33. Rd4 Ne4 34. Ra4 Bc5 35. Bd4 Bxd4 36. Rxd4 Qxe5 37. Qd3 Qf6 38. f4 Nd6 39. Kh1 Nc4 40. Rxe8+ Rxe8 0-1